LEADER 01676nam a2200313 a 4500 001 000000144649 003 CaOOAMICUS 005 20150707104713.0 008 150707s2013 it u100 u ita r 020 $a978-88-6705-148-9 040 $aPUL$bita 245 01$a"Ars grammatica" e "ars rhetorica" dall'antichitą al Rinascimento /$ca cura di Stefano Pittaluga. 260 $a[Genova] :$bDipartimento di antichitą, filosofia e storia (sezione D.AR.FI.CL.ET.),$c2013. 300 $a126 p. ;$c22 cm 490 1 $aPubblicazioni del D.AR.FI.CL.ET. Francesco Della Corte. Terza serie ;$v241 500 $aIn testa al front.: Universitą di Genova. Scuola di Scienze Umanistiche. 504 $aBibliografia in nota. 650 4$aLingua latina$xGrammatica.$0(OLS)http://pul/subject/706 650 4$aRetorica$xStoria.$0(OLS)http://pul/subject/10020 700 1 $aPittaluga, Stefano,$d1948-$0(OLS)http://pul/name/36552 710 2 $aUniversitą degli studi di Genova.$bFacoltą di Scienze Umanistiche.$0(OLS)http://pul/name/92745 830 0$aPubblicazioni del D.AR.FI.CL.ET.$pFrancesco Della Corte.$pTerza serie ;$v241.$0(OLS)http://pul/title/182980 850 $aPUL 852 $aPUL$W1$xDP1 Cons. Gen., Altre Classi 1$y22$m332 E 241$j166980$qStampati$B167569$CPULBib$Z2$F167569 $H126162 $82 941 1 $a8 996 $6020$a978-88-6705-148-9$9(OLS)http://pul/number/158200 996 $6245$a"Ars grammatica" e "ars rhetorica" dall'antichitą al Rinascimento$9(OLS)http://pul/title/182981 996 $6260$a[Genova] :$bDipartimento di antichitą, filosofia e storia (sezione D.AR.FI.CL.ET.)$9(OLS)http://pul/publisher/83576 LEADER 01255nam a2200337 a 4500 001 000000170930 003 CaOOAMICUS 005 20181205105909.0 008 181205s1999 it a u000 u ita r 020 $a88-04-46393-7* 032 $aLibriCat 040 $aPUL$bita 082 04$a232.966 100 1 $aBaima Bollone, Pierluigi.$0(OLS)http://pul/name/25496 245 10$aSindone :$bla prova /$cPierluigi Baima Bollone. 260 $aMilano :$bArnoldo Mondadori,$c©1999. 300 $a250 p. :$bill. ;$c20 cm. 490 1 $aNuovi misteri 504 $aBibliografia in nota. 650 4$aSanta Sindone.$0(OLS)http://pul/subject/14358 830 0$aNuovi misteri.$0(OLS)http://pul/title/182222 850 $aPUL 852 $aPUL$W1$xDP2 Religione 3$y114$m232. 966 BAIPI 1$j194285$qDDC 21$B199465$CPULBib$Z2$F199465 $H131887 $81 941 1 $a9 960 $aSacra Sindone$914358 960 $aSindonologia$914358 996 $6020$a88-04-46393-7*$9(OLS)http://pul/number/165496 996 $6082$a232.966$9(OLS)http://pul/classification/574 996 $6245$aSindone :$bla prova$9(OLS)http://pul/title/211778 996 $6260$aMilano :$bArnoldo Mondadori$9(OLS)http://pul/publisher/60431